Bundesliga 2018-2019 Top scorers - Statistics

General Stats
  • This quiz has been taken 37 times
  • The average score is 9 of 11
Answer Stats
Goals Nationality Club Player % Correct
22 Poland Bayern Munich Robert Lewandowski
100%
17 Germany Borussia Dortmund Marco Reus
91%
17 Croatia 1899 Hoffenheim Andrej Kramarić
86%
18 Spain Borussia Dortmund Paco Alcácer
86%
16 Germany RB Leipzig Timo Werner
86%
15 Denmark RB Leipzig Yussuf Poulsen
86%
17 Serbia Eintracht Frankfurt Luka Jović
83%
17 Germany Bayer Leverkusen Kai Havertz
71%
17 Netherlands VfL Wolfsburg Wout Weghorst
71%
15 France Eintracht Frankfurt Sébastien Haller
54%
16 Algeria 1899 Hoffenheim Ishak Belfodil
40%
No matching quizzes found
Score Distribution
Percent of People with Each Score
Percentile by Number Answered
Your Score History
You have not taken this quiz